Provincies van Nederland in 1816 met een Kaart - Statistieken

Algemene statistieken
  • Deze quiz is 1.059 keer genomen
  • De gemiddelde score is 15 van 19
Antwoorden op de kaart
Antwoorden kleurgecodeerd door een groen-rode schaal op de quizkaart volgens % correct hieronder.
 
Antwoordstatistieken
Provinces % Correct
Noord-Brabant
97%
Friesland
96%
Zeeland
96%
Holland
95%
Limburg
95%
Groningen
94%
Utrecht
94%
Zuid-Brabant
94%
Gelderland
91%
Drenthe
88%
Overijssel
88%
Luxemburg
75%
Antwerpen
70%
West-Vlaanderen
61%
Luik
59%
Oost-Vlaanderen
58%
Namen
50%
Henegouwen
42%
Neutraal Moresnet
16%
Geen overeenkomende quizzen gevonden
Scoreverdeling
Procent van Mensen met Elke Score
Percentiel versus Aantal Correcte Antwoorden
Uw Scoregeschiedenis
U heeft deze quiz nog niet genomen